Catálogo
 En Linea

Accidentes escolares : (Registro nro. 45000)

Detalles MARC
000 -CABECERA
campo de control de longitud fija 00867nam a2200181 a 4500
001 - NÚMERO DE CONTROL
campo de control 000045511
005 - FECHA Y HORA DE LA ÚLTIMA TRANSACCIÓN
campo de control 20201002052305.0
008 - DATOS DE LONGITUD FIJA--INFORMACIÓN GENERAL
campo de control de longitud fija 150413s2001 dr a 000 0 spa d
040 ## - FUENTE DE LA CATALOGACIÓN
Centro catalogador/agencia de origen DO-SdBNP
Lengua de catalogación spa
Centro/agencia transcriptor BNPHU
082 ## - NÚMERO DE LA CLASIFICACIÓN DECIMAL DEWEY
Número de clasificación xxxx
Número de documento/Ítem xxxx
100 1# - ENTRADA PRINCIPAL--NOMBRE DE PERSONA
Nombre de persona Encarnación, Juana María,
Fechas asociadas al nombre 1962-
9 (RLIN) 73562
245 10 - MENCIÓN DE TÍTULO
Título Accidentes escolares :
Resto del título casos acciones y soluciones /
Mención de responsabilidad, etc. Juana María Encarnación C.
260 ## - PUBLICACIÓN, DISTRIBUCIÓN, ETC.
Lugar de publicación, distribución, etc. Santo Domingo :
Nombre del editor, distribuidor, etc. Impresora Metropolitana,
Fecha de publicación, distribución, etc. 2001.
300 ## - DESCRIPCIÓN FÍSICA
Extensión 73 p. :
Otras características físicas il. ;
Dimensiones 21 cm.
500 ## - NOTA GENERAL
Nota general Incluye datos biográficos del autor en la solapa de la contracubierta.
504 ## - NOTA DE BIBLIOGRAFÍA, ETC.
Nota de bibliografía, etc. Bibliografía : p. 72-73
505 0# - NOTA DE CONTENIDO CON FORMATO
Nota de contenido con formato Comportamiento agresivo --
Título Conflictos en el medio educativo --
-- Alternativas de solución -
-- El transporte escolar -
-- La medicina y el magisterio -
-- Los primeros auxilios -
-- El botiquín escolar --
-- Accidente ocurridos en la escuela --
Existencias
Estado de retiro Estado de pérdida No para préstamo Código de colección Localización permanente Ubicación/localización actual Ubicación en estantería Fecha de adquisición Número de inventario Total de préstamos Signatura topográfica completa Código de barras Fecha visto por última vez Precio válido a partir de Tipo de ítem Koha
    Excluido de préstamo Patrimonio Dominicano Patrimonio Dominicano Patrimonio Dominicano Depósito 13.04.2015 LF1   xxxx xxxx 45511-10 25.06.2020 25.06.2020 Libro y Folleto Colección Patrimonio Dominicano

Con tecnología Koha